More households to be housed (Record no. 77905)

MARC details
000 -LEADER
fixed length control field 01431cab a2200217 4500
001 - CONTROL NUMBER
control field ##L135476
008 - FIXED-LENGTH DATA ELEMENTS--GENERAL INFORMATION
fixed length control field 061030n2006 000 0 eng u
035 ## - SYSTEM CONTROL NUMBER
System control number (Sirsi) u135476
041 0# - LANGUAGE CODE
Language code of text/sound track or separate title eng
100 1# - MAIN ENTRY--PERSONAL NAME
Personal name Holmans, Alan
245 00 - TITLE STATEMENT
Title More households to be housed
Remainder of title where is the increase in households coming from?
260 ## - PUBLICATION, DISTRIBUTION, ETC.
Date of publication, distribution, etc. 2006
490 #0 - SERIES STATEMENT
Series statement Town & Country Planning
Volume/sequential designation 75(10) October 2006, (8)
490 #0 - SERIES STATEMENT
Series statement Town and Country Planning Tomorrow Series
Volume/sequential designation 5 October 2006
520 ## - SUMMARY, ETC.
Summary, etc. Government produced updated household projections earlier in 2006. The headline figure is the 213 000 additional households per year for the 20-year period 2001-2021. This paper looks in detail at the different elements causing the increases in the number of households, how the projected growth compares with earlier evidence, and the factors which might cause them to change. Covers the government projections, what has changed, the increase in households arising from population growth and change, the summary analysis of the increase in households due to population growth and change, the regional analysis of sources of the projected increase in households, and the implications of the new household projections for housing policy. Tables. References.
590 ## - LOCAL NOTE (RLIN)
Local note IKA311006
651 #0 - SUBJECT ADDED ENTRY--GEOGRAPHIC NAME
Geographic name England
Chronological subdivision 886-
690 ## - LOCAL SUBJECT ADDED ENTRY--TOPICAL TERM (OCLC, RLIN)
Topical term or geographic name as entry element PROPERTY-RESIDENTIAL PROPERTY-RESIDENTIAL PROPERTY DEVELOPMENT
700 1# - ADDED ENTRY--PERSONAL NAME
Personal name Whitehead, Christine
942 ## - ADDED ENTRY ELEMENTS (KOHA)
Suppress in OPAC 0
Holdings
Withdrawn status Lost status Source of classification or shelving scheme Damaged status Not for loan Home library Current library Shelving location Date acquired Total Checkouts Full call number Barcode Date last seen Copy number Price effective from Koha item type
    Dewey Decimal Classification     London London Journal article 30/10/2006   L135476 135476-1001 06/08/2019 1 06/08/2019 Journal article